| 000 | 01485cam a2200349 a 4500 | ||
|---|---|---|---|
| 001 | 13429027 | ||
| 003 | ARRUPE | ||
| 005 | 20140318113541.0 | ||
| 008 | 031208s2004 miua s000 0aeng | ||
| 010 | _a 2003026184 | ||
| 020 | _a0472114018 (cloth : alk. paper) | ||
| 040 |
_aDLC _cDLC _dDLC |
||
| 043 |
_an-us--- _af-nr--- _an-us-tx |
||
| 050 | 0 | 0 |
_aE184.N55 _bF35 2004 |
| 082 | 0 | 0 |
_a966.9/28051/092 _aB _222 |
| 100 | 1 |
_aFalola, Toyin. _99117 |
|
| 245 | 1 | 2 |
_aA mouth sweeter than salt : _ban African memoir / _cby Toyin Falola. |
| 260 |
_aAnn Arbor : _bUniversity of Michigan Press, _cc2004. |
||
| 300 |
_a271 p. : _bill. ; _c25 cm. |
||
| 600 | 1 | 0 |
_aFalola, Toyin _xChildhood and youth. _99118 |
| 650 | 0 |
_aNigerian Americans _vBiography. _99119 |
|
| 650 | 0 |
_aCollege teachers _zTexas _zAustin _vBiography. _99120 |
|
| 651 | 0 |
_aNigeria _vBiography. _99121 |
|
| 651 | 0 |
_aNigeria _xHistory _y1960- _99122 |
|
| 651 | 0 |
_aNigeria _xSocial conditions _y1960- _99123 |
|
| 856 | 4 | 2 |
_3Publisher description _uhttp://www.loc.gov/catdir/description/umich051/2003026184.html |
| 856 | 4 | 2 |
_3Contributor biographical information _uhttp://www.loc.gov/catdir/bios/umich051/2003026184.html |
| 856 | 4 | 1 |
_3Table of contents _uhttp://www.loc.gov/catdir/toc/ecip0412/2003026184.html |
| 906 |
_a7 _bcbc _corignew _d1 _eecip _f20 _gy-gencatlg |
||
| 942 |
_2lcc _cMONOGRAPH |
||
| 999 |
_c120210 _d120210 |
||